Variaciones para piano /

Salvato in:
Dettagli Bibliografici
Autore principale: Vargas, Carlos Enrique, 1919-1998
Natura: Sconosciuto
Lingua:Spanish
Soggetti:
Tags: Aggiungi Tag
Nessun Tag, puoi essere il primo ad aggiungerne!!

MARC

LEADER 000000000a22000000004500
001 007049
041 0 |a spa 
100 1 |a Vargas, Carlos Enrique,   |d 1919-1998 
245 1 0 |a Variaciones para piano /   |c Carlos Enrique Vargas. 
650 4 |a MÚSICA PARA PIANO 
650 4 |a PARTITURAS 
773 0 |x 1013-9060  |d San José, Costa Rica : Editorial de la Universidad Nacional Estatal a Distancia  |t Revista Nacional de Cultura  |g número 27 (1995), páginas 83-88 
942 |c ARC 
999 |c 13170  |d 13170